African-American Spirituals - Statistics

General Stats
  • This quiz has been taken 136 times
  • The average score is 11 of 15
Answer Stats
Hint Answer % Correct
Somebody's Knocking at Your ____ Door
96%
Go Tell it on the ________ Mountain
95%
Swing Low, Sweet _______ Chariot
93%
Down By the _____side River
93%
(We Are Climbing) Jacob's ______ Ladder
88%
Wade in the _____ Water
85%
O Mary, Don't You ____, Don't You Mourn Weep
83%
Sometimes I Feel Like A Motherless _____ Child
77%
Joshua Fought the Battle of _______ Jericho
76%
Nobody Knows the _______ I See Trouble
76%
Go Down, _____ (“Let My People Go”) Moses
69%
(There is a ) ____ in Gilead Balm
50%
Steal Away to _____ Jesus
39%
Couldn't Hear Nobody ____ Pray
28%
Didn't My Lord Deliver ______? Daniel
24%
No matching quizzes found
Score Distribution
Percent of People with Each Score
Percentile by Number Answered
Your Score History
You have not taken this quiz